Maat jotka sijaitsevat eteläisellä pallonpuoliskolla - Statistics

Yleistilastot
  • Tätä visaa on pelattu 37 kertaa
  • Keskiarvotulos 6 / 13
Answers on the Grid
Answers color-coded by a green-red scale on the quiz's grid according to % correct below.
Kolumbia
Kongo
Malediivit
Liberia
Vanuatu
Brunei
Somalia
Singapore
Seychellit
Fidzi
Ruanda
Timor-Leste
Kenia
Brasilia
Venezuela
Filippiinit
Ecuador
Yhdysvallat
Uganda
Sri Lanka
 
Vastaustilastot
Vastaus % Oikein
Kongo
74%
Brasilia
61%
Ecuador
57%
Seychellit
57%
Uganda
57%
Fidzi
52%
Malediivit
48%
Ruanda
48%
Vanuatu
48%
Kenia
39%
Somalia
30%
Kolumbia
26%
Timor-Leste
26%
Ehtoja vastaavia visoja ei löytynyt
Tulosjakauma
Jokaisen tuloksen saaneiden osuus
Persentiili vastausten määrän mukaan
Tuloshistoriasi
Et ole pelannut tätä visaa